00557nam a2200169Ia 4500008004100000100002400041245005400065245003800119260005900157260000900216300001100225650001800236650001500254856002600269999001900295952007300314170221s9999 xx 000 0 und d aWilliam Tillinghast aClimate Change in Four News Magazines: 1989-2009  cWilliam Tillinghast, Marie McCann bOnline Journal of Communication and Media Technologies c2013 a33 : 5 xCommunication xMedia Arts uhttp://www.ojcmt.net/ c311030d311030 001040aCLbCLd2017-02-21l0r2017-02-21 00:00:00w2017-02-21yFOJ